000 01561nam a22003735i 4500
001 10817971
003 EG-ScBUE
005 20250528113343.0
008 980115r20021980enka f b 001 0 eng d
020 _a0750626364
020 _a9780750626361
040 _aEG-ScBUE
_beng
_erda
_dEG-ScBUE
_cEG-ScBUE
041 1 _aeng
_hrus
082 0 4 _a530.13
_bLIF
_222
100 1 _aLifshit︠s︡, E. M.
_q(Evgeniĭ Mikhaĭlovich),
_938483
_eauthor.
240 1 0 _aStatisticheskai︠a︡ fizika.
_lEnglish
245 1 0 _aStatistical physics.
_npart 2,
_pTheory of the condensed state /
_cE. M. Lifshitz and L. P. Pitaevskiĭ, Institute of Physical Problems, U.S.S.R. Academy of Science ; translated from the Russian by J. B. Sykes and M. J. Kearsley.
246 3 0 _aTheory of the condensed state
250 _aReprinted edition.
264 1 _aOxford :
_bButterworth-Heinemann,
_c2002.
300 _ax, 387 pages :
_billustrations ;
_c24 cm.
336 _2rdacontent
_atext
_btxt
337 _aunmediated
_2rdamedia
_bn
338 _avolume
_bnc
_2rdacarrier
490 0 _aCourse of theoretical physics ;
_vvolume 9
504 _aIncludes bibliographical references and index.
546 _aText in English ; translated from the original Russian language.
650 7 _aStatistical physics.
_2BUEsh
700 1 2 _aLifshit︠s︡, E. M.
_q(Evgeniĭ Mikhaĭlovich).
_tStatisticheskai︠a︡ fizika
700 1 _aPitaevskiĭ, L. P.
_q(Lev Petrovich),
_eauthor.
700 1 _aSykes, J. B.,
_etranslator.
700 1 _aKearsley, M. J.,
_etranslator.
942 _2ddc
_cBB
999 _c20901
_d20873